zpět

Detail výsledku týmu

U Lucerny ST, Brno

Datum a čas kvízu

28.5 Celkem bodů Celkový počet nahraných bodů na tomto kvízu bez doplňovacích otázek.
9. Pořadí na kvízu Konečné umístění týmu na tomto kvízu.

Zaznamenané odpovědi

# Otázka Odpověď Body Výsledky
1. Ve středu jsme si prostřednict... B) beze spěchu 1
2. Aprílové žerty jsou populární... Volkswagen 1
3. Švédská společnost Pophouse mi... Kiss 0
4. Minulý týden jsme se dozvěděli... Portál občana 0
5. Německý fotbalový svaz bude mu... čísla 44 1
6. Nobelovu cenu za objev krevníc... Jan Janský 0
7. Kterým slovem na M se označuje... menarche/menarché 0
8. Vyberte nepravdivé tvrzení: B 1
9. Za půl bodu napište, jak se na... Alexej; hemofilie 0.5
10. Uveďte rodové jméno zvířete, p... makak (makak rhesus) 0